02217naa a2200205 a 450000100080000000500110000800800410001910000170006024500750007726000090015230000110016152015640017265300110173665300190174765300120176665300240177870000170180270000180181977301740183710498062011-10-21 1985 bl uuuu u00u1 u #d1 aMENDONCA, R. aSistema de producao de sementes de cebola no Estado de Santa Catarina. c1985 ap. 99. aSanta Catarina apresenta uma demanda anual aproximada de 26.000 kg de sementes de cebola, originarias, na maioria, do Rio Grande do sul. A Empresa Catarinense de Pesquisa Agropecuaria S.A.- EMPASC e a companhia Integrada de Agricultura e do abastecimento, visando a auto-suficiencia do Estado, vem desenvolvendo um sistema de producao de sementes de cebola, que envolve todas as fasses desde o melhoramento ate a obtencao de sementes certificadas e/ou fiscalizadas. O melhoramento genetico, executado atraves da Estacao Experimental de Ituporanga, consiste em introducoes, cruzamentos, autofecundacoes, avaliacoes das geracoes geneticas, que sao o material de origem dos bulbos e sementes basicas. As dementes basicas, produzidas pela Estacao Experimental de cacador, sao repassadas anualmente aos produtores de sementes fiscalizadas e/ou certificadas, devidamente credenciados pelo Ministerio da Agricultura, garantino, assim, a constante manutencao das caracteristicas das cultivares recomendadas pela pesquisa. As inspecoes aos produtores sao efetuadas pela CIDASC, abrangendo as fases de sementeira, producao, armanezamento e selecao de bulbos e producao de sementes fiscalizadas e/ou certificadas. Atraves deste sistema, esta prevista para 1986 a producao de 134kg de sementes basicas, que apos a multiplicacao, proporcionaram 26,5 toneladas de sementes fiscalizadas e/ou certificadas que seram suficientes para o plantio de uma area de hectares no ano de 1988, garantino, assim, a auto-suficiencia no fornecimento de sementes de cebola para o Estado. aCebola aSanta Catarina aSemente aSistema de producao1 aFAORO, I. D.1 aGANDIN, C. L. tIn: REUNIAO TECNICA ANUAL DE HORTALICAS DO IPAGRO-SEAGRI/RS, 3., ENCONTRO DE OLERICULTURA DO CONE SUL, 1., 1985, Pelotas, RS. Resumos...Pelotas, RS: Embrapa-CNPFT, 1985.